| 000 | 00461nam a2200097Ia 4500 | ||
|---|---|---|---|
| 008 | 180130s9999 xx 000 0 und d | ||
| 245 |
_cKemp, Rene; Van Lente, Harro _aThe dual challenge of sustainability transitions: different trajectories and criteria |
||
| 260 | _c2013 | ||
| 300 | _aBook title: Innovations in sustainable consumption : new economics, socio-technical transitions and social practices--Acession number C17507; pages 115-132 | ||
| 650 | _aECONOMICS | ||
| 999 |
_c354477 _d354477 |
||